Scuola primaria dell' organista con elementi di contrappunto, armonia e forma: tre corsi - tre metodi per le scuole Ceciliane e l'Autodidatta
Saved in:
| Hovedforfatter: | |
|---|---|
| Format: | Musical Score Bog |
| Sprog: | italiensk |
| Udgivet: |
Bérgamo
Edizione Carrara
1954
|
| Serier: | 2161
|
| Fag: | |
| Tags: |
Tilføj Tag
Ingen Tags, Vær først til at tagge denne postø!
|
MARC
| LEADER | 00000ncm a2200000 a 4500 | ||
|---|---|---|---|
| 001 | UCN9305 | ||
| 003 | CL-VaPUC | ||
| 005 | 20220701093415.0 | ||
| 008 | 011130e19540000IT |||||||||||||||||ita|d | ||
| 999 | |c 298792 |d 298790 | ||
| 040 | |c Pontificia Universidad Católica de Valparaíso | ||
| 082 | 0 | 4 | |a Og786.5193 GOL 1954 |2 21 |
| 100 | 0 | |a Goller, Vincenzo |e author |9 465889 | |
| 245 | 1 | 0 | |a Scuola primaria dell' organista con elementi di contrappunto, armonia e forma: tre corsi - tre metodi per le scuole Ceciliane e l'Autodidatta |
| 260 | |a Bérgamo |b Edizione Carrara |c 1954 | ||
| 300 | |a v | ||
| 490 | 0 | |a 2161 | |
| 500 | |a v.1: Primo corso. Scuola d'Armonio | ||
| 583 | |a last modification |c 20011130 00:00:00 |k Rodrigo Vera | ||
| 650 | 0 | |a Órgano, ejercicios y estudio |2 CL-VaPUC |9 465886 | |
| 650 | 0 | |a Órgano, interpretación |2 CL-VaPUC |9 465888 | |
| 650 | 0 | |a Técnicas de ejecución |9 323937 | |
| 942 | |c BK |2 ddc | ||
| 945 | |d 20011130 00:00:00 |a lriquelm | ||
| 952 | |0 0 |1 0 |2 ddc |4 0 |6 OG_786_519300000000000_GOL_1954 |7 0 |8 F |9 354715 |a BIBEDU |b BIBEDU |d 2019-11-21 |h v.1 |i 1151363 |o Og786.5193 GOL 1954 |p 1151363 |r 2023-11-22 |w 2019-11-21 |y PA |k MUS | ||